| 000 | 01307cam a22003737a 4500 | ||
|---|---|---|---|
| 003 | CHAP | ||
| 005 | 20220329132926.0 | ||
| 008 | 971013s1989 r 00010 d | ||
| 010 | _a317 | ||
| 011 | _a1289 | ||
| 035 | _a465 | ||
| 040 | _cCHAP | ||
| 090 | _aTesis | ||
| 100 | 0 | 0 |
_aRodríguez Santiago, Bartolo. _998899 |
| 245 | 0 | _aEvaluación de la estructura y desarrollo de la regeneración de Pinus douglasiana Mtz. en Concepción de Buenos Aires, Jalisco | |
| 260 |
_aChapingo, Méx. : _bEl autor, _c1989 |
||
| 300 |
_a71 h. _b; gráfs. |
||
| 502 | _aTesis (Ing. Forestal) -- UACH. División de Ciencias Forestales | ||
| 590 |
_aALEPH _b10 _c20130110 _lUCH01 _h1205 |
||
| 590 |
_aBATCH-UPD _b10 _c20130109 _lUCH01 _h2326 |
||
| 590 |
_aBATCH-UPD _b10 _c20130110 _lUCH01 _h0053 |
||
| 590 |
_aBATCH-UPD _b10 _c20130110 _lUCH01 _h1617 |
||
| 590 |
_aBATCH-UPD _b10 _c20130409 _lUCH01 _h1850 |
||
| 590 |
_aBATCH-UPD _b10 _c20130410 _lUCH01 _h1011 |
||
| 590 |
_aBATCH-UPD _b10 _c20130914 _lUCH01 _h0705 |
||
| 590 |
_aCONVERSION _b10 _c20130109 _lUCH01 _h1302 |
||
| 650 | 1 | 4 |
_aBosques _xRegeneración. _914377 |
| 650 | 1 | 4 |
_aPináceas _xJalisco. _988247 |
| 650 | 1 | 4 |
_aPinus douglasiana. _988331 |
| 700 | 0 |
_aGarcía Cuevas, Xavier. _945895 |
|
| 901 | _aBK | ||
| 942 | _cTESIS | ||
| 949 |
_bBC _cTES _d-9912 _eTS1 _h22551 _i465 _si |
||
| 999 |
_c317 _d317 |
||